| 000 | 00000nam##2200000za#4500 |
| 001 | 9.686682 |
| 003 | CaOODSP |
| 005 | 20210624230639 |
| 007 | cr ||||||||||| |
| 008 | 150407|2003||||xxc|||||o f|0| 0 eng|d |
| 020 | |a0-662-35036-7 |
| 040 | |aCaOODSP|beng |
| 043 | |an-cn--- |
| 086 | 1 |aJS62-110/2003E-PDF |
| 110 | 1 |aCanada.|bSolicitor General Canada. |bRoyal Canadian Mounted Police. |
| 245 | 10|aTrafficking in human beings and organized crime : |h[electronic resource]|ba literature review / |cby Christine Bruckert and Colette Parent [for] Research and Evaluation Branch, Community, Contract and Aboriginal Policing Services Directorate. |
| 260 | |aOttawa - Ontario : |bSolicitor General Canada. |c2003. |
| 300 | |a[36]p.|breferences |
| 590 | |a04-44|b2004-10-29 |
| 590 | |a06-10-Supp|b2006-12-15 |
| 690 | 07|aOrganized crime|2gcpds |
| 690 | 07|aChildren|2gcpds |
| 690 | 07|aMen|2gcpds |
| 690 | 07|aTrade|2gcpds |
| 690 | 07|aWomen|2gcpds |
| 720 | 1 |aBruckert, Christine |
| 720 | 1 |aParent, Colette |
| 775 | 08|tLa «traite» des êtres humains et le crime organisé : |w(CaOODSP)9.631148 |
| 776 | 0#|tTrafficking in human beings and organized crime : |w(CaOODSP)9.665021 |
| 776 | 0#|tLa «traite» des êtres humains et le crime organisé : |w(CaOODSP)9.665022 |
| 856 | 40|ahttp://publications.gc.ca|qPDF|s181 KB|uhttps://publications.gc.ca/collections/Collection/JS62-110-2003E.pdf |